• 首页
  • 本馆介绍
  • 公告通知
  • 最新文献
  • 馆藏检索
  • 电子资源
  • 读者导购
  • 参考咨询
  • 我的图书馆
  • 登录
  • 详细信息显示
  • 放入我的书架
  • 预约/预借图书
  • 作者相关作品
  • 分类相关作品
  • 丛书相关作品
  • 出版社相关作品

书目信息

  • 表格格式
  • 工作单格式
  • 卡片格式
题名:
放歌天地间
    
 
作者: 谌虹颖 著
分册:  
出版信息: 合肥   黄山书社  2017.05
页数: 302页
开本: 24cm
丛书名:
单 册:
中图分类: I253.7
科图分类:
主题词: 报告文学--中国--当代
电子资源:
ISBN: 978-7-5461-5997-3
000 00923nam0 2200253 450
001 0120172227865
005 20170911083911.57
010    @a978-7-5461-5997-3@dCNY28.00
100    @a20170725d2017 em y0chiy50 ea
101 0  @achi
102    @aCN@b340000
105    @aa z 000zd
106    @ar
200 1  @a放歌天地间@9fang ge tian di jian@e艺坛将星阎肃@f谌虹颖著
210    @a合肥@c黄山书社@d2017.05
215    @a302页@c照片@d24cm
330    @a本书用报告文学的体裁,纪实的笔触叙述阎肃同志一生为时代而歌,为军队而唱的光辉事迹,传颂他对党忠诚、服务人民的坚定信念,讴歌时代铸就精品的责任担当,勇立潮头、追求卓越的奋斗激情,以及艺德高尚、淡泊名利的人格风范。
333    @a报告文学爱好者
517 1  @a艺坛将星阎肃@9yi tan jiang xing yan su
606 0  @a报告文学@y中国@z当代
690    @aI253.7@v5
701  0 @a谌虹颖@9chen hong ying@4著
801  0 @aCN@b人天书店@c20170725
905    @b1075222-27@dI253.7@e1003@f6
    
    放歌天地间:艺坛将星阎肃/谌虹颖著.-合肥:黄山书社,2017.05
    302页:照片;24cm
    使用对象:报告文学爱好者
    
    ISBN 978-7-5461-5997-3:CNY28.00
    本书用报告文学的体裁,纪实的笔触叙述阎肃同志一生为时代而歌,为军队而唱的光辉事迹,传颂他对党忠诚、服务人民的坚定信念,讴歌时代铸就精品的责任担当,勇立潮头、追求卓越的奋斗激情,以及艺德高尚、淡泊名利的人格风范。
●
相关链接 在E读中查询图书 在五车中查询图书 在当当中查询图书 在豆瓣中查询图书


正题名:放歌天地间     索取号:I253.7/1003         预约/预借

序号 登录号 条形码 馆藏地/架位号 状态 备注
1 1075222   210752229   第一样本阅览室/ [索取号:I253.7/1003] 在馆    
2 1075223   210752238   密集书库-文学院/ [索取号:I253.7/1003] 在馆    
3 1075224   210752247   第二借阅区/ [索取号:I253.7/1003] 在馆    
4 1075225   210752256   第二借阅区/ [索取号:I253.7/1003] 在馆    
5 1075226   210752265   第二借阅区/ [索取号:I253.7/1003] 在馆    
6 1075227   210752274   第二借阅区/ [索取号:I253.7/1003] 在馆    
唐山师范学院图书馆 欢迎您!
大连网信软件有限公司© 版权所有